| 000 | 00576cam a22002291 4500 | ||
|---|---|---|---|
| 001 | sa 65009601 | ||
| 003 | DLC | ||
| 005 | 20260227112203.0 | ||
| 008 | 940527s1964 ii 000 0 kano | ||
| 010 | _asa 65009601 | ||
| 025 | _aPL480:I-Kan-654 | ||
| 035 | _a(OCoLC)30507503 | ||
| 040 |
_aDLC _cCU _dCU _dDLC |
||
| 042 | _apremarc | ||
| 050 | 0 | 0 |
_aPK3791.B59 _bK7 |
| 100 | 1 |
_aKrishnamoorthy, K., _d1923-1997. |
|
| 245 | 1 | 0 | _aBhavabhūti. |
| 260 | _c1964. | ||
| 300 |
_avii, 72, iii p. _c17 cm. |
||
| 500 | _aIn Kannada. | ||
| 600 | 0 | 0 |
_aBhavabhūti, _dactive 8th century. |
| 999 |
_c66294 _d66294 |
||